000 00736cam a22002533a 4500
001 25923
003 PGUSA
005 20140828083546.0
008 080628s2008||||xxu|||||s|||||000 1 eng d
040 _aPGUSA
_beng
042 _adc
050 4 _aPR
100 1 _aBindloss, Harold,
_d1866-1945
245 1 0 _aBrandon of the Engineers
_h[electronic resource] /
_cHarold Bindloss
260 _bProject Gutenberg,
_c2008
506 _aPublic domain in the USA.
516 _aElectronic text
653 _aMilitary engineers -- Fiction
653 _aGreat Britain. Army -- Fiction
653 _aMilitary education -- Fiction
830 0 _aProject Gutenberg
_v25923
856 4 0 _uhttp://www.gutenberg.org/ebooks/25923
942 _cEB
999 _c255178
_d255178